Bridge over troubled waters (Record no. 66992)
[ view plain ]
| 000 -LEADER | |
|---|---|
| fixed length control field | 01107cam a2200241 4500 |
| 001 - CONTROL NUMBER | |
| control field | ABS64004 |
| 008 - FIXED-LENGTH DATA ELEMENTS--GENERAL INFORMATION | |
| fixed length control field | 000000n2001 000 0 eng u |
| 035 ## - SYSTEM CONTROL NUMBER | |
| System control number | (Sirsi) u112556 |
| 100 ## - MAIN ENTRY--PERSONAL NAME | |
| Personal name | Barber, G |
| 245 ## - TITLE STATEMENT | |
| Title | Bridge over troubled waters |
| 260 ## - PUBLICATION, DISTRIBUTION, ETC. | |
| Date of publication, distribution, etc. | 2001 |
| 490 ## - SERIES STATEMENT | |
| Series statement | Property Week |
| Volume/sequential designation | 66(15) 12 April 2001, 68-69(2) |
| 520 ## - SUMMARY, ETC. | |
| Summary, etc. | Discusses the implications of the Insolvency Act 2000 for small companies and landlords. Provisions in the new Act will give small companies moratorium protection if they propose Voluntary Arrangements with their creditors, which will prevent creditors from taking legal action against them. Outlines the criteria required for small companies to obtain moratorium protection, and suggests that landlords should also favour the new procedures that will keep their small company tenants afloat. |
| 590 ## - LOCAL NOTE (RLIN) | |
| Local note | ABS |
| 650 ## - SUBJECT ADDED ENTRY--TOPICAL TERM | |
| Topical term or geographic name entry element | INSOLVENCY ACT 2000 |
| 650 ## - SUBJECT ADDED ENTRY--TOPICAL TERM | |
| Topical term or geographic name entry element | INSOLVENCY ACT 1986 |
| 650 ## - SUBJECT ADDED ENTRY--TOPICAL TERM | |
| Topical term or geographic name entry element | SMALL BUSINESSES |
| 650 ## - SUBJECT ADDED ENTRY--TOPICAL TERM | |
| Topical term or geographic name entry element | CREDITORS |
| 650 ## - SUBJECT ADDED ENTRY--TOPICAL TERM | |
| Topical term or geographic name entry element | VOLUNTARY ARRANGEMENTS |
| 690 ## - LOCAL SUBJECT ADDED ENTRY--TOPICAL TERM (OCLC, RLIN) | |
| Topical term or geographic name as entry element | PROPERTY-LANDLORD AND TENANT |
| 700 ## - ADDED ENTRY--PERSONAL NAME | |
| Personal name | Collins, A |
| 942 ## - ADDED ENTRY ELEMENTS (KOHA) | |
| Suppress in OPAC | 0 |
| Withdrawn status | Lost status | Source of classification or shelving scheme | Damaged status | Not for loan | Home library | Current library | Shelving location | Date acquired | Total Checkouts | Full call number | Barcode | Date last seen | Copy number | Price effective from | Koha item type |
|---|---|---|---|---|---|---|---|---|---|---|---|---|---|---|---|
| Dewey Decimal Classification | London | London | Journal article | 14/05/2001 | ABS64004 | 112556-1001 | 06/08/2019 | 1 | 06/08/2019 | Journal article |